| 000 | 00913nam0a22002531 4500 | ||
|---|---|---|---|
| 001 | rc\3519811 | ||
| 005 | 20260407143756.0 | ||
| 021 |
_aRU _bРг5339-70 |
||
| 035 | _a(NLR Aleph) 007622802 | ||
| 090 |
_a5938484 _c5938484 |
||
| 100 | _a20130115d1970 |||y0rusy50 ca | ||
| 101 | 0 |
_arus _aeng _afre |
|
| 102 | _aRU | ||
| 105 | _aa b ||||| | ||
| 200 | 1 |
_aБуровое оборудование для разведки полезных ископаемых _e[Каталог _f[В/О "Техноэкспорт"] |
|
| 210 |
_aМосква] _cВнешторгиздат _d[1970] |
||
| 215 |
_a15 с. _cил. _d29 |
||
| 300 | _aТекст парал. на рус., англ. и фр. яз. | ||
| 712 | 0 | 2 |
_a"Техноэкспорт", всесоюзное об-ние _3RU\NLR\AUTH\8810016356 _9530560 |
| 801 | 0 |
_aRU _bNLR _gpsbo |
|
| 801 | 1 |
_aRU _bELAR _2rusmarc |
|
| 852 |
_aNLR _jПт 26.2/501 |
||
| 942 | _cBOOK | ||
| 980 | _aNB | ||